[Event "Danmarksmesterskabet 2025"]
[Site "Svendborg"]
[Date "2025.04.12"]
[Round "1"]
[White "Hansen, Sune Berg"]
[Black "Falkesgaard, Jeppe Hald"]
[Result "1-0"]
[WhiteElo "2505"]
[BlackElo "2290"]
[WhiteFideId "1400266"]
[BlackFideId "1464981"]
[EventDate "2025.04.12"]
[EventType "tourn"]
[EventRounds "9"]
[EventCountry "DEN"]
[SourceTitle "Live v. Kasper Jerwiarz"]

1. e4 c5 2. Nf3 Nc6 3. Bb5 g6 4. Bxc6 dxc6 5. d3 Bg7 6. h3 b6 7. a4 Nf6 8. Nc3 Nd7 9. Be3 e5 10. O-O Qe7 11. Nd2 Nf8 12. f4 exf4 13. Bxf4 Ne6 14. Bh2 O-O 15. Nc4 Ba6 16. Bd6 Qg5 17. Bxf8 Rxf8 18. Qg4 Bxc4 19. Qxg5 Nxg5 20. dxc4 Bd4+ 21. Kh2 Be5+ 22. Kh1 Bxc3 23. bxc3 Nxe4 24. Rfe1 f5 25. a5 b5 26. cxb5 cxb5 27. c4 b4 28. Kg1 Kf7 29. Rad1 Ke6 30. Rd5 Rc8 31. g3 Rc6 32. Kg2 Kf6 33. g4 Nd6 34. gxf5 Nxc4 35. Kf3 gxf5 36. Kf4 Nd6 37. Rde5 c4 38. Re6+ Kf7 39. Ke5 Rc5+ 40. Kxd6 Rxa5 41. R1e5 Ra6+ 42. Kd5 1-0

[Event "Danmarksmesterskabet 2025"]
[Site "Svendborg"]
[Date "2025.04.12"]
[Round "1"]
[White "Olsen, Filip Boe"]
[Black "Kistrup, Nicolai"]
[Result "1/2-1/2"]
[WhiteElo "2447"]
[BlackElo "2380"]
[WhiteFideId "1440640"]
[BlackFideId "1444816"]
[EventDate "2025.04.12"]
[EventType "tourn"]
[EventRounds "9"]
[EventCountry "DEN"]
[SourceTitle "Live v. Kasper Jerwiarz"]

1. c4 c5 2. Nc3 Nf6 3. g3 d5 4. cxd5 Nxd5 5. Bg2 Nc7 6. b3 e5 7. Bb2 Be7 8. Rc1 O-O 9. Na4 Nd7 10. Nf3 b5 11. Nc3 Bb7 12. O-O Re8 13. Qc2 Rb8 14. e3 Bf8 15. Rfd1 a6 16. d4 exd4 17. exd4 cxd4 18. Nxd4 Bxg2 19. Kxg2 Rb6 20. Ne4 Qa8 21. Nf3 Nd5 22. Neg5 g6 23. Re1 Rxe1 24. Rxe1 N7f6 25. Kg1 Rc6 26. Qd3 Rc7 27. Ne5 Bg7 28. Qf3 Qc8 29. Rd1 Qf5 30. Qxf5 gxf5 31. Ngf3 Rc2 32. Nd3 f4 33. Nd4 Rc7 34. Nf5 fxg3 35. fxg3 Bf8 36. Rd2 Ne4 37. Re2 Ndc3 38. Bxc3 Nxc3 39. Re8 Nd5 40. Ra8 f6 41. Rd8 Ne7 42. Nd4 Rc8 43. Rd7 Nc6 44. Ne6 Ne5 45. Nxe5 fxe5 46. Rd8 Rxd8 47. Nxd8 Be7 48. Nc6 Bc5+ 49. Kf1 e4 50. b4 Bb6 51. Nb8 Kf7 52. Nxa6 Ke6 53. Ke2 Kd5 54. g4 Bd8 55. Nc5 Be7 56. Na6 Bd8 57. h3 Kd4 58. Nc5 Kd5 59. a4 bxa4 60. Nxa4 Kc4 61. Nc5 Kxb4 62. Nxe4 Kc4 63. Kf3 Kd5 64. Kf4 h5 65. gxh5 Ke6 66. h6 Kf7 67. Kf5 Be7 68. Nd2 Bf8 69. Kg5 Be7+ 70. Kh5 Bd6 71. Nf3 Bf4 72. Nh4 Bc1 73. Nf5 Bb2 74. Nd6+ Kf6 75. Ne4+ Kf7 76. Nf2 Bf6 77. Ng4 Bd4 78. Kg5 Bb2 79. Kf5 Bc3 80. Kg5 Bb2 81. Nf2 Bc1+ 82. Kh5 Bf4 83. Ne4 Bc1 84. h4 Bb2 85. Nd2 Bc3 86. Nf1 Kf6 87. Ne3 Bb2 88. Nd5+ Kf7 89. Ne3 Kf6 90. Nc4 Bd4 91. Nd6 Bb2 92. Ne4+ Kf7 93. Ng3 Kf6 94. Nf1 Bc1 95. Nh2 Bb2 96. Ng4+ Kf7 97. Kg5 Bc1+ 98. Kf5 Bb2 99. Nf2 Bc1 100. Ng4 Bb2 101. Kg5 Bc1+ 102. Kh5 Bb2 103. Nh2 Kf6 104. Nf3 Bc3 105. Ng5 Bb2 106. Nh3 Kf7 107. Nf4 Bc3 108. Ng6 Kg8 109. Nf4 Kf7 110. Nd5 Bd4 111. Nb4 Bc3 112. Nd3 Kf6 113. Nc5 Kf7 114. Nd3 Kf6 115. Nf2 Kf7 116. Ne4 Bb2 117. Ng3 Kf6 118. Nf1 Bc1 119. Nh2 Bb2 120. Nf3 Bc3 121. Ng5 Bb2 122. Ne4+ Kf7 123. Ng3 Kf6 124. Ne4+ Kf7 125. Nf2 Bd4 126. Ng4 Bb2 127. Ne3 Kf6 128. Nd5+ Kf7 129. Nf4 Bc3 130. Nh3 Kf6 131. Ng5 Bb2 132. h7 Kg7 133. Kg4 Bc1 134. Kf5 Be3 135. Ke6 Bc1 136. Kf5 Be3 137. h5 Bxg5 138. Kxg5 Kh8 139. Kh6 1/2-1/2

[Event "Danmarksmesterskabet 2025"]
[Site "Svendborg"]
[Date "2025.04.12"]
[Round "1"]
[White "Thybo, Jesper Sondergaard"]
[Black "Percivaldi, Martin"]
[Result "1/2-1/2"]
[WhiteElo "2560"]
[BlackElo "2375"]
[WhiteFideId "1438832"]
[BlackFideId "1508148"]
[EventDate "2025.04.12"]
[EventType "tourn"]
[EventRounds "9"]
[EventCountry "DEN"]
[SourceTitle "Live v. Kasper Jerwiarz"]

1. Nf3 Nf6 2. c4 c6 3. d4 d5 4. e3 a6 5. Nbd2 g6 6. b4 Bg7 7. Bb2 O-O 8. a4 Bf5 9. Be2 Nbd7 10. O-O Ne4 11. Qb3 Nxd2 12. Nxd2 Nf6 13. Rfc1 Ne4 14. Nf3 Bg4 15. cxd5 cxd5 16. Rc2 e6 17. Rac1 Re8 18. h3 Bxf3 19. Bxf3 Nd6 20. a5 Nc4 21. Bc3 Qd7 22. Be2 Rec8 23. e4 Bh6 24. Rd1 Rc7 25. exd5 exd5 26. Be1 Qb5 27. Qg3 Re7 28. Bd3 Rae8 29. Bc3 Qa4 30. Qf3 Na3 31. Rb2 Qc6 1/2-1/2

[Event "Danmarksmesterskabet 2025"]
[Site "Svendborg"]
[Date "2025.04.12"]
[Round "1"]
[White "Haubro, Martin"]
[Black "Nielsen, Viktor Haarmark"]
[Result "1-0"]
[WhiteElo "2376"]
[BlackElo "2350"]
[WhiteFideId "1414291"]
[BlackFideId "1444492"]
[EventDate "2025.04.12"]
[EventType "tourn"]
[EventRounds "9"]
[EventCountry "DEN"]
[SourceTitle "Live v. Kasper Jerwiarz"]

1. e4 c5 2. Nf3 g6 3. d4 cxd4 4. Nxd4 Nc6 5. c4 Bg7 6. Be3 Nf6 7. Nc3 d6 8. f3 O-O 9. Nc2 Be6 10. Qd2 Rc8 11. Rb1 a6 12. Nd5 Ne5 13. Na3 Nfd7 14. Be2 f5 15. exf5 gxf5 16. O-O Ng6 17. Nc2 Bf7 18. b3 Nc5 19. Rbd1 Be8 20. Rfe1 Bc6 21. Bf1 Qe8 22. Bg5 Bxd5 23. Qxd5+ Rf7 24. Nd4 Qd7 25. Bc1 Be5 26. Ne2 e6 27. Qd2 Rg7 28. b4 Nh4 29. Kh1 Na4 30. c5 Qc6 31. Qe3 f4 32. Qd3 Rd8 33. Nxf4 Bxf4 34. Bxf4 Nb2 35. Qb3 Nxd1 36. Qxe6+ Kh8 37. Rxd1 Re8 38. Qxd6 Ng6 39. Bh6 Rge7 40. Qd4+ Ne5 41. Bf4 Qf6 42. Bg3 Qg7 43. a4 Nc6 44. Qxg7+ Kxg7 45. b5 axb5 46. axb5 Nb4 47. Kg1 Nc2 48. Bd3 Nd4 49. Kf1 Ne2 50. Bh4 Re5 51. Bc4 Nc3 52. Rd7+ Kh6 53. Bd3 1-0

[Event "Danmarksmesterskabet 2025"]
[Site "Svendborg"]
[Date "2025.04.12"]
[Round "1"]
[White "Ochsner, Bjorn Moller"]
[Black "Pilgaard, Kim"]
[Result "1/2-1/2"]
[WhiteElo "2492"]
[BlackElo "2361"]
[WhiteFideId "1416928"]
[BlackFideId "1400657"]
[EventDate "2025.04.12"]
[EventType "tourn"]
[EventRounds "9"]
[EventCountry "DEN"]
[SourceTitle "Live v. Kasper Jerwiarz"]

1. e4 e5 2. Nf3 Nc6 3. Bc4 Bc5 4. c3 Nf6 5. d3 d6 6. O-O h6 7. Re1 O-O 8. h3 a5 9. Nbd2 Be6 10. Bb5 Qb8 11. a4 Qa7 12. Qe2 Ne7 13. d4 exd4 14. cxd4 Bxd4 15. Nxd4 Qxd4 16. Nf3 Qc5 17. Ra3 c6 18. Bd3 Ng6 19. Bb1 Rfe8 20. Qd1 d5 21. e5 Ne4 22. Nd4 Bd7 23. f3 Nd6 24. f4 Nf5 25. Bxf5 Bxf5 26. Rc3 Qb6 27. Rb3 Qc5 28. Be3 Be4 29. Rxb7 Qc4 30. Qc1 Qxa4 31. b3 Qa2 32. Re2 Qb1 33. Qxb1 Bxb1 34. Nxc6 Rec8 35. Nd4 Rcb8 36. Rd7 Rd8 37. Rxd8+ Rxd8 38. Re1 Be4 39. Ra1 Nh4 40. g3 Nf3+ 41. Nxf3 Bxf3 42. Rxa5 Rb8 43. Kf2 Be4 44. Ra3 Bc2 45. Ra7 Rxb3 46. Ra8+ Kh7 47. Ra7 Kg8 48. Bd4 Be4 49. e6 fxe6 50. Rxg7+ Kf8 51. Be5 h5 52. h4 1/2-1/2

[Event "Danmarksmesterskabet 2025"]
[Site "Svendborg"]
[Date "2025.04.13"]
[Round "2"]
[White "Hansen, Sune Berg"]
[Black "Olsen, Filip Boe"]
[Result "1/2-1/2"]
[WhiteElo "2505"]
[BlackElo "2447"]
[WhiteFideId "1400266"]
[BlackFideId "1440640"]
[EventDate "2025.04.12"]
[EventType "tourn"]
[EventRounds "9"]
[EventCountry "DEN"]
[SourceTitle "Live v. Kasper Jerwiarz"]

1. e4 c5 2. Nf3 d6 3. d4 cxd4 4. Nxd4 Nf6 5. Nc3 a6 6. Be3 e5 7. Nf3 Be7 8. Bc4 Be6 9. Bb3 Nbd7 10. O-O Rc8 11. Nh4 g6 12. Nf3 Bc4 13. Re1 O-O 14. h3 b5 15. a3 Re8 16. Bg5 Be6 17. Qd2 Nc5 18. Ba2 Bxa2 19. Bxf6 Be6 20. Bxe7 Qxe7 21. Rad1 Rc6 22. Nd5 Bxd5 23. Qxd5 Rec8 24. c3 Na4 25. Re2 Kg7 26. Nh2 Nb6 27. Qd3 Nc4 28. Ng4 a5 29. Qf3 h5 30. Nh2 Qb7 31. Qd3 Qe7 32. Nf3 Rc5 33. Ne1 Rd8 34. Qg3 d5 35. b3 h4 36. Qd3 Nb6 37. Nf3 Rd7 38. Rde1 dxe4 39. Qxe4 f5 40. Qf4 exf4 41. Rxe7+ Rxe7 42. Rxe7+ Kh6 43. Re6 Nd7 44. Nxh4 Nf8 45. Rb6 a4 46. b4 Rxc3 47. Nxf5+ Kh7 48. Rb7+ Kg8 49. Ne7+ Kh8 50. Rxb5 Rxa3 51. Ra5 Ra1+ 52. Kh2 Ra2 53. f3 a3 54. Nd5 Ne6 55. Nc3 Rb2 56. Rxa3 Nd4 57. Nd5 g5 58. h4 g4 59. Ra8+ Kg7 60. Ra7+ Kf8 61. Ra8+ Kg7 62. Ra7+ Kf8 63. Ra8+ 1/2-1/2

[Event "Danmarksmesterskabet 2025"]
[Site "Svendborg"]
[Date "2025.04.13"]
[Round "2"]
[White "Kistrup, Nicolai"]
[Black "Thybo, Jesper Sondergaard"]
[Result "0-1"]
[WhiteElo "2380"]
[BlackElo "2560"]
[WhiteFideId "1444816"]
[BlackFideId "1438832"]
[EventDate "2025.04.12"]
[EventType "tourn"]
[EventRounds "9"]
[EventCountry "DEN"]
[SourceTitle "Live v. Kasper Jerwiarz"]

1. e4 e5 2. Nf3 Nc6 3. Bb5 Nf6 4. O-O Nxe4 5. Re1 Nd6 6. Nxe5 Be7 7. Bf1 Nxe5 8. Rxe5 O-O 9. d4 Bf6 10. Re1 Nf5 11. c3 d5 12. a4 a5 13. Nd2 Nh4 14. g3 Ng6 15. Qh5 Be6 16. Nf3 Qd7 17. Ng5 Bxg5 18. Qxg5 Rfe8 19. Qd2 Bh3 20. f3 Bxf1 21. Rxf1 Re7 22. b3 Rae8 23. Ra2 h5 24. h4 b5 25. Qd3 bxa4 26. bxa4 Qh3 27. Rg2 Re1 28. Bg5 R8e2 29. Qxe2 Rxe2 30. Rxe2 Qxg3+ 31. Rg2 Qh3 32. Rh2 Qf5 33. Bd2 Qd3 34. Rff2 Qb1+ 35. Rf1 Qc2 36. Ra1 Nxh4 37. Rxh4 Qxd2 38. Rxh5 Qxc3 39. Rb1 Qxd4+ 40. Kg2 g6 41. Rhh1 c5 42. Rhd1 Qxa4 0-1

[Event "Danmarksmesterskabet 2025"]
[Site "Svendborg"]
[Date "2025.04.13"]
[Round "2"]
[White "Percivaldi, Martin"]
[Black "Haubro, Martin"]
[Result "1-0"]
[WhiteElo "2375"]
[BlackElo "2376"]
[WhiteFideId "1508148"]
[BlackFideId "1414291"]
[EventDate "2025.04.12"]
[EventType "tourn"]
[EventRounds "9"]
[EventCountry "DEN"]
[SourceTitle "Live v. Kasper Jerwiarz"]

1. d4 Nf6 2. c4 e6 3. Nf3 d5 4. Nc3 c6 5. Bg5 h6 6. Bxf6 Qxf6 7. e3 Nd7 8. Bd3 g6 9. O-O Bg7 10. Re1 dxc4 11. Bxc4 Qe7 12. e4 e5 13. d5 O-O 14. Qe2 Nb6 15. Bb3 Bd7 16. Rad1 Rfd8 17. Rd2 h5 18. dxc6 Bxc6 19. Nd5 Bxd5 20. exd5 Qf6 21. Qxe5 Qxf3 22. gxf3 Bxe5 23. Rxe5 Rd7 24. d6 Kg7 25. a4 Rad8 26. a5 Nc8 27. Rc2 Kf6 28. Rd5 Rxd6 29. Rxd6+ Nxd6 30. Rc7 Ke5 31. Bxf7 Kf4 32. Kf1 h4 33. Bxg6 Kxf3 34. Rc3+ Kf4 35. Rd3 Ke5 36. Ke2 Rg8 37. Re3+ Kd5 38. Bh5 Rg5 39. Bf3+ Kc5 40. Re7 Nc4 41. Rxb7 a6 42. h3 Rf5 43. b3 Nd6 44. Rb6 Nb5 45. Bg4 Rf8 46. Rxa6 Nd4+ 47. Ke3 Nxb3 48. f4 Nd4 49. Rh6 Re8+ 50. Kd3 Nc6 51. a6 Nb4+ 52. Kd2 Ra8 53. Be2 Ra7 54. Ke3 Re7+ 55. Kf2 Nd5 56. Rxh4 Kd4 57. Bf3 Nb4 58. f5+ Kc5 59. Rxb4 Kxb4 60. Bb7 Rf7 61. a7 Rxf5+ 62. Kg3 1-0

[Event "Danmarksmesterskabet 2025"]
[Site "Svendborg"]
[Date "2025.04.13"]
[Round "2"]
[White "Nielsen, Viktor Haarmark"]
[Black "Ochsner, Bjorn Moller"]
[Result "0-1"]
[WhiteElo "2350"]
[BlackElo "2492"]
[WhiteFideId "1444492"]
[BlackFideId "1416928"]
[EventDate "2025.04.12"]
[EventType "tourn"]
[EventRounds "9"]
[EventCountry "DEN"]
[SourceTitle "Live v. Kasper Jerwiarz"]

1. c4 e5 2. Nc3 Bb4 3. Nd5 a5 4. g3 Nf6 5. Bg2 d6 6. Nf3 O-O 7. O-O Nxd5 8. cxd5 e4 9. Ne1 Bf5 10. d3 Qe7 11. Be3 Na6 12. dxe4 Bxe4 13. Qd4 Rfe8 14. Nd3 Bxd3 15. exd3 Bc5 16. Qe4 Qf6 17. Qf4 Qxf4 18. Bxf4 Re2 19. Rad1 Rxb2 20. Rd2 Rxd2 21. Bxd2 Nb4 22. Bxb4 axb4 23. Re1 f5 24. Re2 Ra3 25. Rd2 b3 26. axb3 Rxb3 27. Kf1 b5 28. Ke2 b4 29. Bh3 g6 30. g4 f4 31. g5 Ra3 32. Be6+ Kg7 33. d4 f3+ 34. Kd1 b3 35. dxc5 Ra1# 0-1

[Event "Danmarksmesterskabet 2025"]
[Site "Svendborg"]
[Date "2025.04.13"]
[Round "2"]
[White "Falkesgaard, Jeppe Hald"]
[Black "Pilgaard, Kim"]
[Result "0-1"]
[WhiteElo "2290"]
[BlackElo "2361"]
[WhiteFideId "1464981"]
[BlackFideId "1400657"]
[EventDate "2025.04.12"]
[EventType "tourn"]
[EventRounds "9"]
[EventCountry "DEN"]
[SourceTitle "Live v. Kasper Jerwiarz"]

1. c4 e6 2. Nc3 d5 3. d4 Nf6 4. cxd5 exd5 5. Bg5 c6 6. e3 Be7 7. Bd3 Nbd7 8. Nge2 O-O 9. O-O Re8 10. Qc2 Nf8 11. a3 a5 12. Rab1 g6 13. f3 Ne6 14. Bh4 b5 15. b4 axb4 16. axb4 Bb7 17. Qd2 Qd7 18. Bc2 Ra3 19. Nc1 Ne4 20. fxe4 Bxh4 21. e5 Qe7 22. Nd3 Bg5 23. Ne2 Ng7 24. Nef4 Rea8 25. Bb3 Bc8 26. Nc5 Bf5 27. Rbe1 Ne6 28. Nfxe6 fxe6 29. Qb2 h5 30. e4 dxe4 31. Rxf5 gxf5 32. Bxe6+ Kh8 33. Bxf5 Ra2 34. Qb3 R8a3 35. Qd1 Be3+ 36. Kh1 Qh4 37. e6 Qxe1+ 38. Qxe1 Ra1 0-1

[Event "Danmarksmesterskabet 2025"]
[Site "Svendborg"]
[Date "2025.04.14"]
[Round "3"]
[White "Thybo, Jesper Sondergaard"]
[Black "Hansen, Sune Berg"]
[Result "1-0"]
[WhiteElo "2560"]
[BlackElo "2505"]
[WhiteFideId "1438832"]
[BlackFideId "1400266"]
[EventDate "2025.04.12"]
[EventType "tourn"]
[EventRounds "9"]
[EventCountry "DEN"]
[SourceTitle "Live v. Kasper Jerwiarz"]

1. d4 Nf6 2. c4 e6 3. Nf3 Bb4+ 4. Bd2 c5 5. Bxb4 cxb4 6. e3 b6 7. Be2 O-O 8. O-O a5 9. a3 Na6 10. Nbd2 Bb7 11. Bd3 h6 12. Re1 d6 13. e4 e5 14. Nf1 Re8 15. Ng3 Bc8 16. h3 Nh7 17. Bc2 Qf6 18. Ba4 Rd8 19. Bc6 Rb8 20. Bd5 Bd7 21. Re3 Rf8 22. Qd2 bxa3 23. Raxa3 g6 24. Red3 h5 25. dxe5 dxe5 26. Bxf7+ Rxf7 27. Rxd7 Rxd7 28. Qxd7 Rd8 29. Qa4 Nc5 30. Qc2 Qd6 31. Ra1 Nf6 32. Re1 Rd7 33. Qc3 Re7 34. Qe3 Nh7 35. Re2 Qf6 36. Qh6 Nb3 37. Re3 Nd4 38. Ne2 Nxe2+ 39. Rxe2 Rc7 40. Qd2 Rc5 41. Re3 Nf8 42. b3 Kg7 43. h4 Qe7 44. Ng5 a4 45. bxa4 Rxc4 46. Rf3 Ne6 47. Rf7+ Qxf7 48. Nxf7 Kxf7 49. Qd5 Rc1+ 50. Kh2 Kf6 51. Qb5 Ra1 52. Qb3 Ke7 53. g3 Kf6 54. Kh3 Rh1+ 55. Kg2 Ra1 56. f4 Ke7 57. f5 gxf5 58. exf5 Nd4 59. Qxb6 Rxa4 60. Qc7+ Ke8 61. f6 Ra2+ 62. Kh3 1-0

[Event "Danmarksmesterskabet 2025"]
[Site "Svendborg"]
[Date "2025.04.14"]
[Round "3"]
[White "Olsen, Filip Boe"]
[Black "Falkesgaard, Jeppe Hald"]
[Result "1-0"]
[WhiteElo "2447"]
[BlackElo "2290"]
[WhiteFideId "1440640"]
[BlackFideId "1464981"]
[EventDate "2025.04.12"]
[EventType "tourn"]
[EventRounds "9"]
[EventCountry "DEN"]
[SourceTitle "Live v. Kasper Jerwiarz"]

1. e4 c5 2. Nf3 Nc6 3. Bc4 e6 4. O-O g5 5. d4 g4 6. Ne5 cxd4 7. Nxc6 dxc6 8. Qxg4 Nf6 9. Qf4 c5 10. c3 Rg8 11. cxd4 Qxd4 12. Bb5+ Bd7 13. Nc3 Bd6 14. Qh4 Qe5 15. Rd1 Bxb5 16. Nxb5 O-O-O 17. Rxd6 Rxg2+ 18. Kxg2 Rg8+ 19. Kf1 Ng4 20. Rd8+ Rxd8 21. Qxg4 1-0

[Event "Danmarksmesterskabet 2025"]
[Site "Svendborg"]
[Date "2025.04.14"]
[Round "3"]
[White "Haubro, Martin"]
[Black "Kistrup, Nicolai"]
[Result "1-0"]
[WhiteElo "2376"]
[BlackElo "2380"]
[WhiteFideId "1414291"]
[BlackFideId "1444816"]
[EventDate "2025.04.12"]
[EventType "tourn"]
[EventRounds "9"]
[EventCountry "DEN"]
[SourceTitle "Live v. Kasper Jerwiarz"]

1. e4 e5 2. Nf3 Nc6 3. Bc4 Bc5 4. O-O Nf6 5. d3 O-O 6. h3 d6 7. c3 a5 8. Re1 Ba7 9. Nbd2 Be6 10. Bb5 Ne7 11. d4 Ng6 12. Ba4 c6 13. Bc2 Nh5 14. Nf1 Nhf4 15. Ng3 Qd7 16. Nf5 f6 17. Bb3 Rad8 18. Be3 b5 19. a4 b4 20. g3 Nxh3+ 21. Kg2 d5 22. Kxh3 dxe4 23. Nd2 Bxb3 24. Qxb3+ Kh8 25. g4 Ne7 26. Nxe7 Qxe7 27. Nxe4 exd4 28. Bxd4 Bxd4 29. cxd4 Rxd4 30. Ng3 Qc5 31. Qe3 f5 32. Nxf5 Rxf5 33. gxf5 Qxf5+ 34. Kg2 Qd5+ 35. Qf3 Qg5+ 36. Kf1 h5 37. Rad1 Rxd1 38. Rxd1 c5 39. Qa8+ Kh7 40. Qe4+ Kh8 41. Rd5 1-0

[Event "Danmarksmesterskabet 2025"]
[Site "Svendborg"]
[Date "2025.04.14"]
[Round "3"]
[White "Ochsner, Bjorn Moller"]
[Black "Percivaldi, Martin"]
[Result "1-0"]
[WhiteElo "2492"]
[BlackElo "2375"]
[WhiteFideId "1416928"]
[BlackFideId "1508148"]
[EventDate "2025.04.12"]
[EventType "tourn"]
[EventRounds "9"]
[EventCountry "DEN"]
[SourceTitle "Live v. Kasper Jerwiarz"]

1. e4 e5 2. Nf3 Nf6 3. Nxe5 d6 4. Nf3 Nxe4 5. d4 d5 6. Bd3 Nc6 7. O-O Be7 8. c4 Nb4 9. Be2 O-O 10. Nc3 Bf5 11. Qb3 Nf6 12. c5 a5 13. Qd1 Ne4 14. Bf4 Bf6 15. a3 Nc6 16. Nb5 Rc8 17. h3 b6 18. cxb6 cxb6 19. Rc1 Qd7 20. Bd3 Ne7 21. Nc7 Nd6 22. Bxf5 Ndxf5 23. Qd3 Nd6 24. Bxd6 Qxd6 25. Nb5 Qd7 26. Rxc8 Rxc8 27. Re1 Ng6 28. a4 Nf4 29. Qe3 Ne6 30. Rc1 h5 31. Rxc8+ Qxc8 32. Qc3 Qd7 33. Qe3 Qc6 34. Qc3 Qd7 35. Qe3 Qc6 36. h4 Qc2 37. b3 Qd1+ 38. Kh2 Qc2 39. g3 g6 40. Kg2 Kg7 41. Ne5 Kg8 42. Nd6 Bxe5 43. Qxe5 Qc6 44. Kh1 Kf8 45. Nc8 Ke8 46. Qb8 Qc7 47. Qxc7 Nxc7 48. Nxb6 Ne6 49. Nxd5 Nxd4 50. b4 axb4 51. Nxb4 Nb3 52. Kg2 Kd7 53. Kf3 Ke6 54. Kf4 f6 55. Nc2 Kd6 56. Ne3 Na5 57. Ke4 Ke6 58. Nc2 Kd6 59. Nd4 Nb7 60. Nb3 Kc6 61. Kf4 Nd6 62. Nd2 Kd5 63. a5 Nb5 64. a6 Na7 65. Ne4 Ke6 66. Nc5+ Kd6 67. Ne4+ Ke6 68. f3 Nb5 69. g4 hxg4 70. fxg4 Na7 71. Nc5+ Kf7 72. Ne4 Ke6 73. h5 Kf7 74. h6 Nc6 75. h7 g5+ 76. Ke3 Kg7 77. Nxf6 1-0

[Event "Danmarksmesterskabet 2025"]
[Site "Svendborg"]
[Date "2025.04.14"]
[Round "3"]
[White "Pilgaard, Kim"]
[Black "Nielsen, Viktor Haarmark"]
[Result "1/2-1/2"]
[WhiteElo "2361"]
[BlackElo "2350"]
[WhiteFideId "1400657"]
[BlackFideId "1444492"]
[EventDate "2025.04.12"]
[EventType "tourn"]
[EventRounds "9"]
[EventCountry "DEN"]
[SourceTitle "Live v. Kasper Jerwiarz"]

1. d4 Nf6 2. c4 e6 3. Nc3 d5 4. cxd5 Nxd5 5. e4 Nxc3 6. bxc3 c5 7. Nf3 cxd4 8. cxd4 Bb4+ 9. Bd2 Bxd2+ 10. Qxd2 O-O 11. Bc4 Nd7 12. O-O b6 13. Rfe1 Bb7 14. a4 Qc7 15. Bd3 Rfc8 16. Rec1 Qd8 17. Rcb1 Nf6 18. Qe1 Qc7 19. Qe3 h6 20. h3 Qc3 21. Rc1 Qb4 22. Rcb1 Qc3 23. Rc1 Qb4 24. Rcb1 Qc3 1/2-1/2

[Event "Danmarksmesterskabet 2025"]
[Site "Svendborg"]
[Date "2025.04.15"]
[Round "4"]
[White "Hansen, Sune Berg"]
[Black "Haubro, Martin"]
[Result "1/2-1/2"]
[WhiteElo "2505"]
[BlackElo "2376"]
[WhiteFideId "1400266"]
[BlackFideId "1414291"]
[EventDate "2025.04.12"]
[EventType "tourn"]
[EventRounds "9"]
[EventCountry "DEN"]
[SourceTitle "Live v. Kasper Jerwiarz"]

1. d4 Nf6 2. Nf3 d5 3. c4 e6 4. Nc3 c6 5. e3 Nbd7 6. Qc2 Bd6 7. Bd3 dxc4 8. Bxc4 b5 9. Be2 Bb7 10. O-O O-O 11. e4 e5 12. dxe5 Nxe5 13. Nd4 Re8 14. Nf5 Bf8 15. Bg5 b4 16. Rad1 Qa5 17. Nb1 Nxe4 18. Qxe4 Ng6 19. Be7 Bxe7 20. Bc4 Bf6 21. Qc2 Ba6 22. Nd6 Re7 23. Nd2 Bxc4 24. N2xc4 Qh5 25. Ne4 Be5 26. g3 Bc7 27. Ned6 Bxd6 28. Nxd6 Ne5 29. Qf5 Qxf5 30. Nxf5 Rc7 31. f4 Nc4 32. Rd4 Nxb2 33. Rxb4 Nd3 34. Rd4 Nc5 35. Rc4 Ne6 36. Rxc6 Rxc6 37. Ne7+ Kf8 38. Nxc6 Rc8 39. Nxa7 Ra8 40. Nc6 Rxa2 41. Rf2 Rxf2 1/2-1/2

[Event "Danmarksmesterskabet 2025"]
[Site "Svendborg"]
[Date "2025.04.15"]
[Round "4"]
[White "Olsen, Filip Boe"]
[Black "Thybo, Jesper Sondergaard"]
[Result "1/2-1/2"]
[WhiteElo "2447"]
[BlackElo "2560"]
[WhiteFideId "1440640"]
[BlackFideId "1438832"]
[EventDate "2025.04.12"]
[EventType "tourn"]
[EventRounds "9"]
[EventCountry "DEN"]
[SourceTitle "Live v. Kasper Jerwiarz"]

1. Nf3 Nf6 2. c4 e6 3. Nc3 d5 4. e3 a6 5. b3 c5 6. cxd5 exd5 7. Bb2 Nc6 8. d4 Bg4 9. dxc5 Bxc5 10. Be2 O-O 11. O-O Qd6 12. Nd4 Bxd4 13. Bxg4 Be5 14. h3 Rad8 15. f4 Bxc3 16. Bxc3 Rfe8 17. Re1 d4 18. Bxd4 Nxg4 19. hxg4 Nxd4 20. Qxd4 Qe6 21. f5 Rxd4 22. fxe6 Rxg4 23. exf7+ Kxf7 24. Rac1 Rge4 25. Kf2 h5 26. Rc7+ R8e7 27. Rxe7+ Rxe7 28. Rc1 g5 29. Kf3 Kf6 30. Rc8 Kg6 1/2-1/2

[Event "Danmarksmesterskabet 2025"]
[Site "Svendborg"]
[Date "2025.04.15"]
[Round "4"]
[White "Kistrup, Nicolai"]
[Black "Ochsner, Bjorn Moller"]
[Result "1-0"]
[WhiteElo "2380"]
[BlackElo "2492"]
[WhiteFideId "1444816"]
[BlackFideId "1416928"]
[EventDate "2025.04.12"]
[EventType "tourn"]
[EventRounds "9"]
[EventCountry "DEN"]
[SourceTitle "Live v. Kasper Jerwiarz"]

1. c4 c5 2. Nf3 Nc6 3. Nc3 e5 4. e3 Nf6 5. d4 cxd4 6. exd4 e4 7. Ne5 Bb4 8. Bf4 O-O 9. Be2 d5 10. O-O dxc4 11. Nxc6 bxc6 12. Bxc4 Nd5 13. Nxd5 cxd5 14. Be2 Bd6 15. Qd2 Bxf4 16. Qxf4 Qb6 17. Qd2 Rb8 18. b3 Qd6 19. Rfc1 f5 20. Qa5 f4 21. Qc7 Qg6 22. Rc6 Be6 23. Qe5 Rb6 24. Rxb6 axb6 25. Bh5 Qf6 26. Qxf6 Rxf6 27. Rc1 g6 28. Bd1 Bf5 29. a4 g5 30. b4 g4 31. a5 bxa5 32. bxa5 f3 33. Bb3 Rd6 34. Rc5 Be6 35. Ba4 Rd8 36. a6 Ra8 37. Ra5 Rc8 38. Rc5 Ra8 39. Ra5 Rc8 40. gxf3 gxf3 41. h4 Rc1+ 42. Kh2 e3 43. fxe3 f2 44. Bb5 1-0

[Event "Danmarksmesterskabet 2025"]
[Site "Svendborg"]
[Date "2025.04.15"]
[Round "4"]
[White "Percivaldi, Martin"]
[Black "Pilgaard, Kim"]
[Result "1/2-1/2"]
[WhiteElo "2375"]
[BlackElo "2361"]
[WhiteFideId "1508148"]
[BlackFideId "1400657"]
[EventDate "2025.04.12"]
[EventType "tourn"]
[EventRounds "9"]
[EventCountry "DEN"]
[SourceTitle "Live v. Kasper Jerwiarz"]

1. Nf3 d5 2. g3 Nf6 3. Bg2 e6 4. c4 d4 5. e3 c5 6. exd4 cxd4 7. d3 h6 8. O-O Nc6 9. Na3 Bc5 10. Nc2 O-O 11. Re1 a5 12. Bd2 Re8 13. Ne5 Nxe5 14. Rxe5 Qc7 15. f4 Bd7 16. Na3 Bxa3 17. bxa3 Bc6 18. Bxc6 bxc6 19. Qa4 c5 20. Rb1 Nd7 21. Ree1 Reb8 22. Rec1 Nb6 23. Qd1 Qc6 24. Rb5 a4 25. Rcb1 Nd7 26. Kf2 Rxb5 27. Rxb5 Kf8 28. Qb1 Ra7 29. Qd1 Ke7 30. Qb1 Ke8 31. Rb8+ Ke7 32. Rb5 Ke8 33. Rb8+ 1/2-1/2

[Event "Danmarksmesterskabet 2025"]
[Site "Svendborg"]
[Date "2025.04.15"]
[Round "4"]
[White "Falkesgaard, Jeppe Hald"]
[Black "Nielsen, Viktor Haarmark"]
[Result "1/2-1/2"]
[WhiteElo "2290"]
[BlackElo "2350"]
[WhiteFideId "1464981"]
[BlackFideId "1444492"]
[EventDate "2025.04.12"]
[EventType "tourn"]
[EventRounds "9"]
[EventCountry "DEN"]
[SourceTitle "Live v. Kasper Jerwiarz"]

1. d4 d5 2. c4 e6 3. Nc3 Bb4 4. cxd5 exd5 5. Nf3 Nf6 6. Bg5 Qd6 7. Nd2 Bf5 8. e3 Nbd7 9. Qb3 O-O 10. Bf4 Qe7 11. Bxc7 Bxc3 12. bxc3 Nc5 13. dxc5 Qxc7 14. Qb4 Rac8 15. Nb3 Nd7 16. Rd1 Be6 17. c4 dxc4 18. Bxc4 Bxc4 19. Qxc4 Nxc5 20. Qxc5 Qxc5 21. Nxc5 Rxc5 22. Ke2 Rfc8 23. Rd2 h5 24. Rhd1 Ra5 25. Kf3 g6 26. Rd8+ Rxd8 27. Rxd8+ Kg7 28. Rd2 b5 29. Ke4 b4 30. Rb2 Ra4 31. Kd3 a5 32. Rc2 Ra3+ 33. Kd4 g5 34. h3 Kg6 35. e4 f6 36. e5 fxe5+ 37. Kxe5 Rc3 38. Rd2 Rc5+ 39. Ke4 Rc4+ 40. Ke5 Rc5+ 41. Ke4 Rc4+ 42. Ke5 Rc5+ 43. Ke4 1/2-1/2